Normal view
MARC view
Entry Personal Name
001 - CONTROL NUMBER
- control field: 4337
003 - CONTROL NUMBER IDENTIFIER
- control field: ARRUPE
005 - DATE AND TIME OF LATEST TRANSACTION
- control field: 20131128113549.0
008 - FIXED-LENGTH DATA ELEMENTS
- fixed length control field: 131128|| aca||aabn | a|a d
040 ## - CATALOGING SOURCE
- Original cataloging agency: ARRUPE
- Transcribing agency: ARRUPE
100 ## - HEADING--PERSONAL NAME
- Personal name: Ebert, Andreas; Heinegg, Peter (tr)
670 ## - SOURCE DATA FOUND
- Source citation: Work cat.: (ARRUPE): Rohr, Richard 4335, The Enneagram, 2001